• 首页
  • 本馆介绍
  • 公告通知
  • 最新文献
  • 馆藏检索
  • 电子资源
  • 读者导购
  • 参考咨询
  • 我的图书馆
  • 登录
  • 详细信息显示
  • 放入我的书架
  • 预约/预借图书
  • 作者相关作品
  • 分类相关作品
  • 丛书相关作品
  • 出版社相关作品

书目信息

  • 表格格式
  • 工作单格式
  • 卡片格式
题名:
出土文献与法律史研究
    
 
作者: 王沛 主编
分册: 第四辑  
出版信息: 上海   上海人民出版社  2015
页数: 374页
开本: 21cm
丛书名: 出土法律文献研究丛书
单 册:
中图分类: K877.04
科图分类:
主题词: 出土文物--Chu Tu Wen Wu--文献--研究--中国 , 法制史--Fa Zhi Shi--研究--中国--古代
电子资源:
ISBN: 978-7-208-13348-8
000 01101nam0 22002771 450
001 350244
005 20161010154831.54
010    @a978-7-208-13348-8@dCNY38.00
100    @a20160115d2015 em y0chiy50 ea
101 0  @achi
102    @aCN@b310000
105    @ay z 000yy
106    @ar
200 1  @a出土文献与法律史研究@AChu Tu Wen Xian Yu Fa Lv Shi Yan Jiu@h第四辑@f王沛主编
210    @a上海@c上海人民出版社@d2015
215    @a374页@d21cm
225 2  @a出土法律文献研究丛书@AChu Tu Fa Lv Wen Xian Yan Jiu Cong Shu
300    @a上海市人文社科基地华东政法大学外国法与比较法研究院项目以及国家重点学科华东政法大学法律史学科建设项目资助
330    @a本书收录了有关出土文献与法律史研究的文章,包括《里耶秦简视事简研究》、《读金关简札记三则》、《长沙五一广场东汉简牍释译》、《江汉访古记》等文章。
461  0 @12001 @a出土法律文献研究丛书
606 0  @a出土文物@AChu Tu Wen Wu@x文献@x研究@y中国
606 0  @a法制史@AFa Zhi Shi@x研究@y中国@z古代
690    @aK877.04@v5
701  0 @a王沛@AWang Pei@f(1977~)@4主编
801  0 @aCN@bTANGWEI@c20160803
905    @b0889055-9@dK877.04@e306:4@f5
    
    出土文献与法律史研究.第四辑/王沛主编.-上海:上海人民出版社,2015
    374页;21cm.-(出土法律文献研究丛书)
    上海市人文社科基地华东政法大学外国法与比较法研究院项目以及国家重点学科华东政法大学法律史学科建设项目资助
    
    ISBN 978-7-208-13348-8:CNY38.00
    本书收录了有关出土文献与法律史研究的文章,包括《里耶秦简视事简研究》、《读金关简札记三则》、《长沙五一广场东汉简牍释译》、《江汉访古记》等文章。
●
相关链接 在E读中查询图书 在五车中查询图书 在当当中查询图书 在豆瓣中查询图书


正题名:出土文献与法律史研究     索取号:K877.04/306:4         预约/预借

序号 登录号 条形码 馆藏地/架位号 状态 备注
1 0889055   208890556   第二样本阅览室/ [索取号:K877.04/306:4] 在馆    
2 0889056   208890565   密集书库-史法系/ [索取号:K877.04/306:4] 在馆    
3 0889057   208890574   第二借阅区/ [索取号:K877.04/306:4] 在馆    
4 0889058   208890583   第二借阅区/ [索取号:K877.04/306:4] 在馆    
5 0889059   208890592   第二借阅区/ [索取号:K877.04/306:4] 在馆    
唐山师范学院图书馆 欢迎您!
大连网信软件有限公司© 版权所有